00318nam a2200121Ia 4500008004100000100001900041245003500060260005000095300000900145650001800154942000700172999001700179190216s9999||||xx |||||||||||||| ||und|| aChandu Menon O 0aIndulekha A Novel From Malabar bThe Mathrubhumi Printing And Publishersc1965 a374p aEnglish Novel cBK c11846d11846